| 000 | 01229nam a2200229Ia 4500 | ||
|---|---|---|---|
| 999 |
_c38129 _d38129 |
||
| 001 | 4119 | ||
| 003 | GE_BSU | ||
| 005 | 20190917155841.0 | ||
| 008 | 181216s1967||||ge |||||||||||||| ||geo|| | ||
| 040 | _cGE_BSU | ||
| 041 | _ageo | ||
| 080 | _a398(479.223)+39(479.223) ნ–89 | ||
| 100 |
_aნოღაიდელი, ჯემალ _9114 |
||
| 245 |
_aაჭარული ზეპირსიტყვიერებისა და ეთნოგრაფიის მასალები / _cი. ი. მეგრელიძის რედ. და წინასიტყვ. ; საქ. მეცნ. აკად., ბათუმის სამეცნ.-კვლევ. ინ-ტი. |
||
| 264 |
_a თბ. : _bმეცნიერება, _c1967. |
||
| 300 |
_a91 გვ. ; _b22 სმ. |
||
| 653 | _aაჭარული ზეპირსიტყვიერება | ||
| 653 | _aაჭარლების ეთნოგრაფია | ||
| 700 |
_aმეგრელიძე, ი. _eრედაქტორი _91203 |
||
| 710 |
_a საქ. მეცნ. აკადემია _bბათუმის სამეცნ.-კვლევ. ინ-ტი. _94066 |
||
| 942 |
_cBK _2udc |
||